Normal view MARC view
  • Instr Folders

Entry Topical Term

Number of records used in: 1

001 - CONTROL NUMBER

  • control field: 100624

003 - CONTROL NUMBER IDENTIFIER

  • control field: NUST

005 - DATE AND TIME OF LATEST TRANSACTION

  • control field: 20221018133117.0

008 - FIXED-LENGTH DATA ELEMENTS

  • fixed length control field: 221018|| aca||aabn | a|a d

040 ## - CATALOGING SOURCE

  • Original cataloging agency: NUST
  • Transcribing agency: NUST

150 ## - HEADING--TOPICAL TERM

  • Topical term or geographic name entry element: Instr Folders

670 ## - SOURCE DATA FOUND

  • Source citation: Work cat.: (NUST)217352: DS Folders , 2016
© 2023 Central Library, National University of Sciences and Technology. All Rights Reserved.